Euskalarien nazioarteko jardunaldiak

Uloženo v:
Podrobná bibliografie
Korporativní autor: Real Academia de la Lengua Vasca (Autor)
Médium: Kniha
Jazyk:baskičtina
angličtina
francouzština
španělština
Vydáno: Pamplona Aranzadi 1981
Edice:Iker, 1
Témata:
Tagy: Přidat tag
Žádné tagy, Buďte první, kdo vytvoří štítek k tomuto záznamu!

MARC

LEADER 00000nam a2200000 a 4500
001 UCK5091
003 CL-VaPUC
008 050708e19810000SP |||||||||||||||||baq|d
020 |a 85479173 
041 0 7 |a baq  |2 CL-VaPUC 
041 0 7 |a eng  |2 CL-VaPUC 
041 0 7 |a fre  |2 CL-VaPUC 
041 0 7 |a spa  |2 CL-VaPUC 
082 0 4 |a 467.6  |b REA  |2 21 
110 2 |a Real Academia de la Lengua Vasca  |e author  |9 493793 
245 1 0 |a Euskalarien nazioarteko jardunaldiak 
246 1 0 |a Bascologists' international meetings 
246 1 0 |a Encuentros internacionales de vascólogos 
246 1 0 |a Rencontres internationales de bascologues 
300 |a 545 p 
942 |c BK 
945 |d 20050708 00:00:00  |a jcarroza 
260 |a Pamplona  |b Aranzadi  |c 1981 
650 7 |a DIALECTOLOGIA  |2 CL-VaPUC  |9 461785 
650 0 |a Vascos  |9 376966 
650 0 |a Gramática  |9 270497 
650 0 |a Investigación lingüística  |9 329785 
583 |a last modification  |c 20050708 00:00:00  |k Rodrigo Vera 
490 0 |a Iker, 1 
999 |c 313771  |d 313769 
952 |0 0  |1 0  |4 0  |6 467_600000000000000_REA_1981  |7 0  |8 A  |9 385273  |a BIBEDU  |b BIBEDU  |d 2019-11-22  |i 4100786  |o 467.6 REA 1981  |p 4100786  |r 2019-11-22  |w 2019-11-22  |y BK  |k LIT